000 00603nam a2200181Ia 4500
008 090630s9999 xx 000 0 und d
082 _b27618
100 _aतिबिले अनंत.
245 _aखुनाचे रहस्य.
_cतिबिले अनंत.
260 _bशांती - पुणे.
_c1998
300 _a182
600 _aतिबिले अनंत.
630 _aखुनाचे रहस्य.
655 _aकादंबरी.
700 _aतिबिले अनंत.
730 _aखुनाचे रहस्य.
942 _cBOOK
999 _c279474
_d279474